000 00658nam a2200217Ia 4500
003 GCL
008 140319s9999 xx 000 0 eng d
040 _aGCL /
_cGCL
082 0 4 _aCC
_b709.0212
_bH C
100 1 _aHONDELINK,H
245 1 0 _aCOPTIC ART AND CULTURE /
_cHONDELINK,H
700 1 _aGAWDAT GABRA
260 _aالقاهرة :
_bSHOUHDY PUPLISHING HOUSE ،
_c1990
260 _aالقاهرة :
_bTHE NETHERLANDS INSTITUTE FOR ARCHAEOLOGY AND ARABIC STUDIES IN CAIRO ،
_c1990
300 _a176 P ؛
_c24 cm.
650 0 4 _aCOPTIC MUSEUM
650 0 4 _aCOPTIC HISTORY
650 0 4 _aCOPTIC CHURCH
650 0 4 _aCOPTIC ART
942 _2ddc
_cBK
999 _c4898
_d4898